Teachings of Shams-I-tabrizi (Record no. 15030)

MARC details
000 -LEADER
fixed length control field 00579nam a2200229 a 4500
020 ## - INTERNATIONAL STANDARD BOOK NUMBER
ISBN 9789944116954
082 00 - DEWEY DECIMAL CLASSIFICATION NUMBER
Classification number 297.4
Author Cutter ERK
100 ## - MAIN ENTRY--AUTHOR NAME
Author name Erkan,, Turkmen
245 ## - TITLE STATEMENT
Title Teachings of Shams-I-tabrizi
260 ## - PUBLICATION, DISTRIBUTION, ETC. (IMPRINT)
Place of publication Istanbul
Name of publisher Nove Centre of Culture Publications
Year of publication 2009
300 ## - PHYSICAL DESCRIPTION
Number of Pages 158p
500 ## - GENERAL NOTE
General note includes index and biblioraphy
650 ## - SUBJECT ADDED ENTRY--TOPICAL TERM
Topical Term Sufism
942 ## - ADDED ENTRY ELEMENTS (KOHA)
Koha item type Books
700 1# -
-- Erkan,, Turkmen
Holdings
Collection code Home library Current library Date acquired Cost, normal purchase price Full call number Accession Number Koha item type
  Henry Martyn Institute Library Henry Martyn Institute Library 06/07/2011 540.00 297.4 ERK 023635 Books
                   Copyright © 2026 | Henry Martyn Institute | Hyderabad | TS-500052 | INDIA | Implemented by hmi.edu.in
Hit-Count:

Powered by Koha